000
00330nam a2200145Ia 4500
008
230917s9999||||xx |||||||||||||| ||und||
040
_e
49913
_a
MAIN
041
_a
English
082
_a
181.4 T717J
100
_a
Trehan, P L
245
0
_a
Journey of life
260
_a
Dehradun
_b
Integral
_c
1993
300
_a
88 p.
942
_c
BK
999
_c
78936
_d
78936